Science Quiz

Random Science Quiz

Not the Obvious: Science Quiz Stats

 Plays Quiz not verified by Sporcle

Challenge
Share
Tweet
Embed
Score 0/14 Timer 05:00
0 Plays Today
Category Answer % Correct
Five basic tastesBitterness, Saltiness, Umami
92.7%
Metric prefixes (factor < 1)Deci-, Micro-, Nano-, Pico-....
81.9%
Big Five game animals (Africa)Black rhinoceros, Cape buffalo, Leopard
77.3%
Types of teethIncisor, Premolar
71.3%
SI Base units (metric)Kilogram, Kelvin, Ampere, Mole, Candela
66.1%
Minerals, Mohs Hardness ScaleQuartz, Topaz, Calcite, Gypsum...
43.6%
Phases of mitosisProphase, Telophase, Interphase
40.7%
Category Answer % Correct
Layers of the atmosphere Thermosphere, Mesosphere, Exosphere
35%
'H' elementsHafnium, Hassium, Holmium
34.8%
'S' bones of human bodyStapes, Sacrum, Sphenoid, Scaphoid
34.2%
Myers-Briggs Type Dominant FunctionsFeeling, Judging, Sensing, Thinking...
31.4%
Platonic solidsOctahedron, Tetrahedron, Icosahedron
26.7%
'Psychology Today' topics, starting with HHomosexuality, Hormones, Hypnosis, Heuristics...
16.3%
Erik Erikson's stages of psychosocial developmentInitiative, Industry, Intimacy, Basic Trust...
5%

You're not logged in!

Compare scores with friends on all Sporcle quizzes.
OR
Log In

You Might Also Like...

Show Comments

Extras

Editor's Pick Oct 29, 2017ReportNominate
Tags:category, exception, fit, obvious

Top Quizzes Today


Score Distribution

Your Account Isn't Verified!

In order to create a playlist on Sporcle, you need to verify the email address you used during registration. Go to your Sporcle Settings to finish the process.

Report this User

Report this user for behavior that violates our Community Guidelines.

Details: